Εγχειρίδιο εμπορικού δικαίου
Αποθηκεύτηκε σε:
| Κύριος συγγραφέας: | |
|---|---|
| Μορφή: | Βιβλίο |
| Γλώσσα: | Greek |
| Δημοσίευση: |
Αθήνα :
Σάκκουλας,
1989, c1985.
|
| Θέματα: | |
| Ετικέτες: |
Προσθήκη ετικέτας
Δεν υπάρχουν, Καταχωρήστε ετικέτα πρώτοι!
|
MARC
| LEADER | 00000cam a2200000 i 4500 | ||
|---|---|---|---|
| 001 | 1/6 | ||
| 008 | 950526s1985 gr | ||| |||| ||gre|| | ||
| 035 | |l 10021254 | ||
| 040 | |a GR-MyUa |b gre |e AACR2 | ||
| 041 | 0 | |a gre | |
| 082 | 7 | |a 346.07 |2 (22) | |
| 100 | 1 | |a Γεωργακόπουλος, Λεωνίδας Ν. | |
| 245 | 1 | 0 | |a Εγχειρίδιο εμπορικού δικαίου / |c Λ.Ν. Γεωργακόπουλος. |
| 260 | |a Αθήνα : |b Σάκκουλας, |c 1989, c1985. | ||
| 300 | |a 2 τ. σε 7 ; |c 24 εκ. | ||
| 505 | 8 | |a Τ. 1. Οι έμποροι τεύχ. 1. Γενικό μέρος -- τεύχ. 2. Οι εταιρείες -- τεύχ. 3. Πτώχευση και εξυγίανση -- τεύχ. 4. Δίκαιο των συνδεδεμένων επιχειρήσεων -- τ. 2. Οι εμπορικές πράξεις -- τεύχ. 1. Αξιόγραφα -- τεύχ. 2Α. Συμβάσεις εμπορευματικές -- τεύχ. 2Β. Συμβάσεις υπηρεσιών. | |
| 650 | 0 | |a Commercial law |z Greece. | |
| 650 | 0 | |a Negotiable instruments. | |
| 650 | 0 | |a Bankruptcy. | |
| 650 | 0 | |a Corporation law. | |
| 852 | |a INST |b CHIOS |e 19960307 |h 346.07 ΓΕΩ |p 005200000658 |q 005200000658 |t BK |y 0 |z τ.1:τευχ.2 | ||
| 852 | |a INST |b CHIOS |e 19960308 |h 346.07 ΓΕΩ |p 005200002757 |q 005200002757 |t BK |y 0 |z τ.2:τευχ.1 | ||
| 852 | |a INST |b CHIOS |e 19960308 |h 346.07 ΓΕΩ |p 005200002796 |q 005200002796 |t BK |y 0 |z τ.1:τευχ.3 | ||
| 852 | |a INST |b CHIOS |e 19950526 |h 346.07 ΓΕΩ |p 005200002797 |q 005200002797 |t BK |y 0 |z τ.2:τευχ.2 | ||
| 852 | |a INST |b CHIOS |e 19960311 |h 346.07 ΓΕΩ |p 005200002798 |q 005200002798 |t BK |y 0 |z τ.2:τευχ.1 | ||
| 852 | |a INST |b CHIOS |e 19961107 |h 346.07 ΓΕΩ |p 005200005149 |q 005200005149 |t BK |y 0 |z τ.1:τευχ.1 | ||
| 852 | |a INST |b CHIOS |e 19970120 |h 346.07 ΓΕΩ |p 005200010832 |q 005200010832 |t BK |y 0 |z τ.1:τευχ.4 | ||
| 852 | |a INST |b CHIOS |e 19970120 |h 346.07 ΓΕΩ |p 005200010833 |q 005200010833 |t BK |y 0 |z τ.2:τευχ.2 | ||
| 852 | |a INST |b CHIOS |e 19970120 |h 346.07 ΓΕΩ |p 005200010834 |q 005200010834 |t BK |y 0 |z τ.2:τευχ.1 | ||
| 852 | |a INST |b CHIOS |e 19961004 |h 346.07 ΓΕΩ |p 005200011355 |q 005200011355 |t BK |y 0 |z τ.1:τευχ.1 | ||
| 852 | |a INST |b CHIOS |e 19990423 |h 346.07 ΓΕΩ |p 005200014439 |q 005200014439 |t BK |y 0 |z τ.2:τευχ.2 | ||
| 852 | |a INST |b CHIOS |e 19960307 |h 346.07 ΓΕΩ |p 005200000658 |q 005200000658 |t BK |v τ.1;τεύχ.2: |y 0 |z τ.1:τευχ.2 | ||
| 852 | |a INST |b CHIOS |e 19960308 |h 346.07 ΓΕΩ |p 005200002757 |q 005200002757 |t BK |v τ.2;τεύχ.1: |y 0 |z τ.2:τευχ.1 | ||
| 852 | |a INST |b CHIOS |e 19960308 |h 346.07 ΓΕΩ |p 005200002796 |q 005200002796 |t BK |v τ.1;τεύχ.3: |y 0 |z τ.1:τευχ.3 | ||
| 852 | |a INST |b CHIOS |e 19950526 |h 346.07 ΓΕΩ |p 005200002797 |q 005200002797 |t BK |v τ.2;τεύχ.2: |y 0 |z τ.2:τευχ.2 | ||
| 852 | |a INST |b CHIOS |e 19960311 |h 346.07 ΓΕΩ |p 005200002798 |q 005200002798 |t BK |v τ.2;τεύχ.1: |y 0 |z τ.2:τευχ.1 | ||
| 852 | |a INST |b CHIOS |e 19961107 |h 346.07 ΓΕΩ |p 005200005149 |q 005200005149 |t BK |v τ.1;τεύχ.1: |y 0 |z τ.1:τευχ.1 | ||
| 852 | |a INST |b CHIOS |e 19970120 |h 346.07 ΓΕΩ |p 005200010832 |q 005200010832 |t BK |v τ.1;τεύχ.4: |y 0 |z τ.1:τευχ.4 | ||
| 852 | |a INST |b CHIOS |e 19970120 |h 346.07 ΓΕΩ |p 005200010833 |q 005200010833 |t BK |v τ.2;τεύχ.2: |y 0 |z τ.2:τευχ.2 | ||
| 852 | |a INST |b CHIOS |e 19970120 |h 346.07 ΓΕΩ |p 005200010834 |q 005200010834 |t BK |v τ.2;τεύχ.1: |y 0 |z τ.2:τευχ.1 | ||
| 852 | |a INST |b CHIOS |e 19961004 |h 346.07 ΓΕΩ |p 005200011355 |q 005200011355 |t BK |v τ.1;τεύχ.1: |y 0 |z τ.1:τευχ.1 | ||
| 852 | |a INST |b CHIOS |e 19990423 |h 346.07 ΓΕΩ |p 005200014439 |q 005200014439 |t BK |v τ.2;τεύχ.2: |y 0 |z τ.2:τευχ.2 | ||
| 853 | |a INST |b CHIOS |h 346.07 ΓΕΩ | ||
| 922 | |a 2ΕΛΗ |b 199903 |c ΝΙΣΥΡΑΙΟΣ |d EMVASIS | ||